[Event "Toronto Bayview Games Club #106"]
[Site "Toronto"]
[Date "2007.07.30"]
[Round "6"]
[White "Ferreira, Alex"]
[Black "Ramenaden, Matthew"]
[Result "1-0"]
[WhiteElo "1869"]
[BlackElo "1768"]
[PlyCount "73"]
[EventDate "2007.06.??"]
[EventType "tourn"]
[EventRounds "6"]
[EventCountry "CAN"]
[SourceTitle "EXT 2022"]
[Source "ChessBase"]
[SourceDate "2021.10.06"]
[SourceVersion "1"]
[SourceVersionDate "2021.10.06"]
[SourceQuality "1"]

1. c4 Nf6 2. Nc3 e6 3. e4 d6 4. d4 Be7 5. f4 d5 6. e5 Ne4 7. Bd3 f5 8. exf6 Nxf6 9. Nf3 c5 10. Be3 b6 11. Ne5 Bb7 12. 0-0 cxd4 13. Bxd4 Nc6 14. Nxc6 Bxc6 15. Kh1 0-0 16. Qe2 Ne4 17. Rad1 Qc7 18. Qg4 Bf6 19. Bxe4 dxe4 20. Qxe6+ Kh8 21. Nd5 Qc8 22. Qxe4 Qb7 23. Bxf6 Rxf6 24. Qc2 Rff8 25. Kg1 Qf7 26. Qc3 Qh5 27. Qe5 Rf5 28. Qd6 Bb7 29. Rd3 Qe2 30. Rg3 Qxc4 31. Ne3 Qc5 32. Qd7 g6 33. Qxb7 Re8 34. Qf3 Rf7 35. Qd5 Qc7 36. Qd4+ Kg8 37. Ng4 1-0

[Event "Toronto Canada Day op"]
[Site "Toronto"]
[Date "2007.07.01"]
[Round "3"]
[White "Ramenaden, Matthew"]
[Black "Ferreira, Alex"]
[Result "1/2-1/2"]
[WhiteElo "1820"]
[BlackElo "2006"]
[PlyCount "72"]
[EventDate "2007.06.30"]
[EventType "swiss"]
[EventRounds "6"]
[EventCountry "CAN"]
[SourceTitle "EXT 2022"]
[Source "ChessBase"]
[SourceDate "2021.10.06"]
[SourceVersion "1"]
[SourceVersionDate "2021.10.06"]
[SourceQuality "1"]

1. e4 d5 2. exd5 Nf6 3. c4 c6 4. d6 exd6 5. d4 d5 6. Nc3 Bb4 7. Qb3 Bxc3+ 8. bxc3 0-0 9. Ba3 Re8+ 10. Be2 b6 11. Kf1 Ne4 12. Nf3 Bg4 13. Rd1 Ng5 14. h4 Nxf3 15. gxf3 Bh5 16. Bc1 Qf6 17. Rd3 dxc4 18. Qxc4 h6 19. d5 c5 20. Qf4 Nd7 21. Qxf6 Nxf6 22. c4 Nd7 23. Bf4 Ne5 24. Re3 f6 25. a4 Kf7 26. Kg2 Ng6 27. Kg3 Ne7 28. Bd3 Bg6 29. Bxg6+ Kxg6 30. Rhe1 Nf5+ 31. Kh3 Nxe3 32. fxe3 Rad8 33. e4 Kf7 34. Bg3 g5 35. h5 Rd7 36. Kg4 Ra8 1/2-1/2

[Event "Canadian op U2000"]
[Site "Kitchener"]
[Date "2006.07.21"]
[Round "7"]
[White "Ramenaden, Matthew"]
[Black "Gaciu, Vlad"]
[Result "0-1"]
[WhiteElo "1784"]
[BlackElo "1701"]
[PlyCount "82"]
[EventDate "2006.07.15"]
[EventType "swiss"]
[EventRounds "9"]
[EventCountry "CAN"]
[SourceTitle "CBM 113 Extra"]
[Source "ChessBase"]
[SourceDate "2006.09.14"]
[SourceVersion "1"]
[SourceVersionDate "2006.09.14"]
[SourceQuality "1"]

1. e4 d6 2. d4 Nf6 3. Nc3 g6 4. Be3 c6 5. f3 b5 6. Qd2 Qc7 7. Bh6 Bxh6 8. Qxh6 b4 9. Na4 a5 10. Qe3 Nbd7 11. Bc4 Ba6 12. Bxa6 Rxa6 13. f4 d5 14. e5 Ne4 15. Ne2 c5 16. Nxc5 Ndxc5 17. dxc5 Rc6 18. 0-0 e6 19. a3 bxa3 20. Rxa3 Rxc5 21. Nd4 0-0 22. Rb3 a4 23. Rb4 Rc4 24. Rb5 Qa7 25. c3 Qa6 26. Qd3 a3 27. Ra1 Ra4 28. b3 Ra5 29. c4 Nc5 30. Qc3 Rxb5 31. cxb5 Qb6 32. Rxa3 Ne4 33. Qb2 Rc8 34. Ra1 Rc2 35. Ra8+ Kg7 36. Qxc2 Qxd4+ 37. Kf1 Nd2+ 38. Ke1 Qe3+ 39. Kd1 Ne4 40. Qb2 Nf2+ 41. Kc2 Qd3+ 0-1